00509nam a22001337a 4500008004100000100002600041245013900067260005300206300002100259650002100280650002700301700002700328700002000355190218b xxu||||| |||| 00| 0 eng d aNjenga, Samson Gitahi aAnalysis of Hax Delta strategic positioning model on performance of mobile telecommunication companies in Kenya cSamson Gitahi Njenga aKabarak, Nakuru, KenyabKabarak Universityc2018 axvii, 168 leaves aFirm performance aStrategic positioning  aDr. Daniel M. Wanyoike aDr. Joel Koima